| 000 | 01169nas a2200373 4500 | ||
|---|---|---|---|
| 001 | BR9702971 | ||
| 003 | BR-BrBNA | ||
| 005 | 20231205100239.0 | ||
| 007 | ta | ||
| 008 | 230509b bl.|||p| |||| 00| 00por d | ||
| 040 |
_aBR-BrBNA _bpor _cBiblioteca Nacional de Agricultura |
||
| 041 | _a(Pt) | ||
| 072 | _aL73 | ||
| 100 | 1 | _aNunes, V.L.B. | |
| 100 | 1 | _aOshiro, E.T. | |
| 100 | 1 | _aDorval, M.E.C. | |
| 100 | 1 | _aEspindola, M.A. | |
| 100 | 1 | _aCristaldo, G. | |
| 100 | 1 | _aRocha, H.C. da | |
| 100 | 1 | _aNunes, A.B. | |
| 100 | 1 | _aPires, R. da C. | |
| 100 | 1 | _aGarcia, W.B. | |
| 245 | 1 | _aEstudos epidemiologicos sobre Leishmaniose tegumentar (LT)e mal de cadeiras no municipio de Corguinho, Mato Grosso do Sul - estudo de reservatorios, 1992-1994 | |
| 650 | _aAnimal Domestico | ||
| 650 | _aAnimal Selvagem | ||
| 650 | _aLeishmaniose | ||
| 650 | _aTransmissao de Doenca | ||
| 650 | _aInfeccao | ||
| 650 | _aMucosa | ||
| 650 | _aMato Grosso do Sul | ||
| 773 | 0 |
_tRevista Brasileira de Parasitologia Veterinaria (Brazil) _xISSN 0103-846X _g(Feb 1994), v. 3(1) p. 29-35 _wBR9702971 |
|
| 909 |
_a202311 _bLúcia _c55 _dLúcia Elande |
||
| 942 |
_2AGRIS _n0 _cANA |
||
| 999 |
_c154934 _d154934 |
||